Eurovision 2025 Bilderquiz Anime Teil 1 - Statistiken

Allgemein
  • Dieses Quiz wurde 42 mal gespielt
  • Das Durchschnittsergebnis liegt bei 9 aus 12
Antwortstatistiken
Bildquiz Antwort % Korrekt
Schweden
97%
Finnland
87%
Italien
87%
Albanien
82%
Belgien
82%
Irland
79%
Australien
74%
Litauen
74%
Schweiz
72%
Ukraine
69%
Serbien
67%
Slowenien
67%
Keine übereinstimmenden Quizze gefunden
Verteilung der Resultate
Anzahl Personen mit jedem Resultat
Perzentil nach korrekt beantworteten Fragen
Ihre Resultats-Entwicklung
Sie haben dieses Quiz noch nicht gespielt